NHL - Guess the player by career path (active players) - Statistics

General Stats
  • This quiz has been taken 96 times
  • The average score is 7 of 16
Answer Stats
Teams Players % Correct
CHI (2017-2022), OTT (2022-23), DET (2023) Alex Debrincat
69%
ANA (2014-15), CBJ (2015, 2017), VGK (2017) William Karlsson
63%
OTT (2012-2019), NYI (2019) Jean-Gabriel Pageau
61%
CGY (2013-2022), MTL (2022-23), WIN (2023-24), CBJ (2024) Sean Monahan
60%
EDM (2010-2015), MTL (2015-2022), PIT (2022-23), DET (2023) Jeff Petry
58%
LAK (2012-2020), VAN (2020), MTL (2020-2022), CGY (2021-2023) NJD (2023), WIN (2023-24), SJS (2024) Tyler Toffoli
55%
BUF (2014-15), WIN (2015-2018), MTL (2018-2025), LAK (2025) Joel Armia
40%
STL (2015-2019), CAR (2019-20), MTL (2020-2023), WSH (2023), TOR (2023-24), LAK (2024) Joel Edmundson
37%
FLA (2009-2012), FLA (2017-2020), OTT (2020-21), VGK (2021-22), MTL (2022), DAL (2022-2025), NJD (2025) Evgenii Dadonov
36%
DET (2010-2018), VGK (2017-18), MTL (2018-2021), NJD (2021-2023), COL (2023), SEA (2023-24), NJD (2024) Tomas Tatar
35%
CGY (2014-2018), MTL (2018-2022), EDM (2022) Brett Kulak
33%
MTL (2016-17), TBL (2017-2024), SEA (2024) Mikhail Sergachev
29%
MTL (2018-2022), PIT (2022-23), PHI (2023-2025), ANA (2025) Ryan Poehling
29%
OTT (2011-2018), FLA (2018-2020), STL (2020-21), MTL (2021-2023), SJS (2023) Mike Hoffman
23%
MTL (2015-2018), NSH (2020) Michael Mccarron
13%
BUF (2013-2017), MTL (2017-2019), ANA (2019-2021), MIN (2021-22), PHI (2022) Nicolas Deslauriers
13%
No matching quizzes found
Score Distribution
Percent of People with Each Score
Percentile by Number Answered
Your Score History
You have not taken this quiz